|
|
|
|
| LEADER |
00786nta a2200193 i 4500 |
| 001 |
dipl128784 |
| 005 |
20220819111011.0 |
| 008 |
220818s2012 hu om 0|| hun d |
| 040 |
|
|
|a SZTE Diploma Repozitórium
|b hun
|
| 041 |
|
|
|a hun
|
| 100 |
1 |
|
|a Szanka Boglárka Anikó
|
| 245 |
1 |
0 |
|a Kollektív alku, kollektív szerződés az új Munka Törvénykönyvében
|h [elektronikus dokumentum] /
|c Boglárka Anikó Szanka
|
| 246 |
1 |
0 |
|a The collective bargain, the collective agreement in the new Labor Code
|h [elektronikus dokumentum]
|
| 260 |
|
|
|c 2012
|
| 650 |
|
4 |
|a Jogi és igazgatási tanulmányok
|
| 650 |
|
4 |
|a Social sciences
|
| 650 |
|
4 |
|a Law
|
| 700 |
1 |
|
|a Horesnyi Julianna Csilla
|e ths
|
| 856 |
4 |
0 |
|u http://diploma.bibl.u-szeged.hu/id/eprint/128784/1/2012_szanka_boglarka_aniko.pdf
|z Dokumentum-elérés
|